000 00345nam a2200145Ia 4500
008 150201s2007 xx 000 0 und d
082 _a621.38195
_bC07S
100 _aSINGH , KARANBIR
245 _aCOMPUTER FOR NURSES MADE EASY
250 _a1ST
260 _bJAYPEE
_aDELHI
_c2007
300 _a193
650 _aCOMPUTER
942 _2ddc
_cBK
_03
999 _c2096
_d2096